000 00491nam a2200157 i 4500
001 88163
003 ES-MaACL
005 20230906175819.0
007 t|
008 050103s1952 sp ||||1| spa d
100 1 _aLafuente Vidal, José.
_969544
245 1 3 _aEl Castillo de Santa Bárbara de Alicante
_b: breve historia, plano y guía /
_cpor José Lafuente Vidal.
260 _aAlicante :
_b[s.n.,
_c1952] (
_fReus)
300 _a44 p. ;
_c16 cm.
852 _aES-MaACL
_j1945-F-11
_bR.33088
999 _c88163
_d88163